00258nam a2200097Ia 4500008004000000082001500040100002600055245003700081260003400118300000800152210210b1987 xxu||||| |||| 00| 0 eng d a320.5 MAHM aMAHAJAN (Vidya Dhar). aModern Indian political thought. aNDbS. Chand & Co. Ltd.c1987 a584